| 000 | 00823nam a2200229 a 4500 | ||
|---|---|---|---|
| 999 |
_c10269 _d10269 |
||
| 001 | 10269 | ||
| 003 | BD-JhCC | ||
| 005 | 20180422182745.0 | ||
| 008 | 180422s2010 bg |||| |||| 000 0 ben d | ||
| 020 | _a9840611755 | ||
| 035 | _a(BD-JhCC)10269 | ||
| 040 |
_aBD-JhCC _dBD-JhCC |
||
| 041 | _aben | ||
| 082 |
_a910.4 _bHAL 2010 |
||
| 100 | _aহালাম্বো, ন্যূড | ||
| 245 |
_aমরু সাহারায় / _c ন্যূড হালাম্বো, খালেকদাদ চৌধুরী অনূদিত |
||
| 260 |
_aঢাকা : _bইসলামিক ফাউন্ডেশন, _c২০১০. |
||
| 300 |
_a১৬৬ পৃ. : _c২০ সেমি. |
||
| 650 |
_aTravelogue _vIslamic History |
||
| 700 | _a চৌধুরী, খালেকদাদ | ||
| 942 |
_2ddc _cBK |
||